=LDR 00000nam 2200000 4500 =001 INLIS000000000031723 =005 20130612133758 =008 ***********************************ind** =035 ##$$0010-061300000031723 =041 ##$$a ind =082 ##$$a 371.27 =090 ##$$a 371.27, Pan p =245 ##$$a Panduan SNMPTN-ITC 2010, Tim Studi Guru SNMPTN-ITC =260 ##$$a 2009 $b Bandung =300 ##$$a 307 hlm., Ilus, 32 cm =650 ##$$a UJIAN - SOAL PERGURUAN TINGGI =850 ##$$a NBPNMAT